The mapping of geological structures (Record no. 102069)
[ view plain ]
| 000 -LEADER | |
|---|---|
| fixed length control field | 00991cam a2200277 4500 |
| 008 - FIXED-LENGTH DATA ELEMENTS--GENERAL INFORMATION | |
| fixed length control field | 020514n1991 000 0 eng u |
| 020 ## - INTERNATIONAL STANDARD BOOK NUMBER | |
| International Standard Book Number | 0471932434 |
| 035 ## - SYSTEM CONTROL NUMBER | |
| System control number | (Sirsi) u117948 |
| 041 ## - LANGUAGE CODE | |
| Language code of text/sound track or separate title | eng |
| 050 ## - LIBRARY OF CONGRESS CALL NUMBER | |
| Classification number | 551.8 |
| -- | 18 |
| 050 ## - LIBRARY OF CONGRESS CALL NUMBER | |
| Classification number | 551.0222 |
| -- | 18 |
| 100 ## - MAIN ENTRY--PERSONAL NAME | |
| Personal name | McClay, Ken R. |
| 245 #4 - TITLE STATEMENT | |
| Title | The mapping of geological structures |
| 260 ## - PUBLICATION, DISTRIBUTION, ETC. | |
| Place of publication, distribution, etc. | Chichester |
| Name of publisher, distributor, etc. | Wiley |
| Date of publication, distribution, etc. | 1991 |
| 300 ## - PHYSICAL DESCRIPTION | |
| Extent | vi, 161p. |
| Other physical details | ill. |
| Dimensions | 18cm. |
| 350 ## - PRICE (NR) (BK AM CF MU VM SE) [OBSOLETE] | |
| Price | 17.99 |
| 490 ## - SERIES STATEMENT | |
| Series statement | Geological Society of London Handbook |
| 520 ## - SUMMARY, ETC. | |
| Summary, etc. | This practical guide explains how to describe, measure, and record rock structures. Chapters cover mapping techniques; fold structures; foliations; linear structures; faults and shear zones; joints, veins and stylolites; polyphase deformation; and overall interpretation and analysis. References. |
| 650 ## - SUBJECT ADDED ENTRY--TOPICAL TERM | |
| Topical term or geographic name entry element | MAPPING |
| 650 ## - SUBJECT ADDED ENTRY--TOPICAL TERM | |
| Topical term or geographic name entry element | GEOLOGY |
| 650 ## - SUBJECT ADDED ENTRY--TOPICAL TERM | |
| Topical term or geographic name entry element | GEOLOGICAL MAPS |
| 650 ## - SUBJECT ADDED ENTRY--TOPICAL TERM | |
| Topical term or geographic name entry element | ROCKS |
| 650 ## - SUBJECT ADDED ENTRY--TOPICAL TERM | |
| Topical term or geographic name entry element | GEOLOGICAL SURVEYS |
| 690 ## - LOCAL SUBJECT ADDED ENTRY--TOPICAL TERM (OCLC, RLIN) | |
| Topical term or geographic name as entry element | MAPPING AND MEASUREMENT |
| 942 ## - ADDED ENTRY ELEMENTS (KOHA) | |
| Suppress in OPAC | 0 |
| Withdrawn status | Lost status | Source of classification or shelving scheme | Damaged status | Not for loan | Home library | Current library | Shelving location | Date acquired | Cost, normal purchase price | Total Checkouts | Full call number | Barcode | Date last seen | Date last checked out | Copy number | Cost, replacement price | Price effective from | Koha item type |
|---|---|---|---|---|---|---|---|---|---|---|---|---|---|---|---|---|---|---|
| Dewey Decimal Classification | London | London | Books | 15/09/2003 | 15.99 | 2 | 551.8 MCC | 30067718 | 06/08/2019 | 03/10/2006 | 1 | 15.99 | 06/08/2019 | Book |